| 000 | 00762cam a2200289 4500 | ||
|---|---|---|---|
| 008 | 090401t1995 xxu||||| |||| 00| 0 eng d | ||
| 020 | _a0406050031 | ||
| 035 | _a(Sirsi) u25313 | ||
| 041 | _aeng | ||
| 050 | _a711.1 | ||
| 100 | _aMorgan, Peter | ||
| 245 | _aDevelopment control:law, policy and practice. | ||
| 250 | _a2nd ed. | ||
| 260 |
_aLondon _bButterworths _c1995 |
||
| 300 | _axx,395p. ; 21ccm. | ||
| 350 | _a25 | ||
| 650 | _aDEVELOPMENT CONTROL | ||
| 650 | _aDEVELOPMENT PLANS | ||
| 650 | _aPLANNING APPEALS | ||
| 650 | _aPLANNING ENFORCEMENT | ||
| 650 | _aPLANNING PERMISSION | ||
| 650 | _aTOWN AND COUNTRY PLANNING ACT 1990 | ||
| 690 | _aPLANNING LAW AND PRACTICE | ||
| 700 | _aNott, Susan | ||
| 942 | _n0 | ||
| 948 | _c04/03/1997 | ||
| 999 |
_c88717 _d88717 |
||